Sports Quiz

Random Sports or Football Quiz

NFL Starting QBs (San Francisco 49ers) Quiz Stats

 Plays Quiz Updated Sep 13, 2019

Score 0/18 Timer 04:00
10 Plays Today
Starts Player % Correct
75Alex Smith
94.8%
6Troy Smith
91.4%
58Colin Kaepernick
90.7%
3Steve Young
76.6%
71Jeff Garcia
75.3%
8Jimmy Garoppolo
61.9%
13Blaine Gabbert
58%
8Nick Mullens
46.7%
10C.J. Beathard
46.1%
Starts Player % Correct
6Brian Hoyer
37.2%
16Shaun Hill
28.3%
16Tim Rattay
24.4%
6Trent Dilfer
24.3%
8JT O'Sullivan
19.7%
10Ken Dorsey
17.5%
2Cody Pickett
7.9%
1Chris Weinke
7.6%
3Steve Stenstrom
4.9%

You're not logged in!

Compare scores with friends on all Sporcle quizzes.
OR
Log In

Sporcle TV

Today on Sporcle TV


Watch our educational content, quiz creation guides, and fun videos on Sporcle TV.

Show Comments

Extras

Top Quizzes Today


Score Distribution

Your Account Isn't Verified!

In order to create a playlist on Sporcle, you need to verify the email address you used during registration. Go to your Sporcle Settings to finish the process.

Report this User

Report this user for behavior that violates our Community Guidelines.

Details: